000
00311nam a22001337a 4500
008
170803b xxu||||| |||| 00| 0 eng d
020
_a
9780201114348
041
_a
eng
080
_a
004
100
_a
32
101
_a
SHKI
245
_a
HANDBOOK OF RELATIONAL DATABASE DESIGN
_c
FLEMING, C.C
942
_2
udc
_c
BK
999
_c
22645
_d
22645